000 00540nam a2200157 4500
001 123112
003 ES-MaACL
005 20230906192120.0
007 t|
008 070214q1969 sp r ||||0| spa d
110 1 _aEspaña.
_bCortes Españolas.
_bComisión de Trabajo.
_93667
245 1 0 _aProyecto de Ley reguladora del Régimen Especial de Seguridad Social de los Trabajadores del Mar.
260 _aMadrid :
_bCortes Españolas, Comisión de Trabajo,
_c[1969?]
300 _a2 v ;
_c30 cm.
852 _aES-MaACL
_jC-42571-72
_bR.77635
999 _c123112
_d123112